Jyoti Basu with the people : (Record no. 23921)
[ view plain ]
| 000 -LEADER | |
|---|---|
| fixed length control field | 01008cam a2200289 a 4500 |
| 001 - CONTROL NUMBER | |
| control field | 23921 |
| 003 - CONTROL NUMBER IDENTIFIER | |
| rucl marc code | BD-RjUL |
| 005 - DATE AND TIME OF LATEST TRANSACTION | |
| control field | 20211209001003.0 |
| 008 - FIXED-LENGTH DATA ELEMENTS--GENERAL INFORMATION | |
| fixed length control field | 140312s1997 ii a 001 0aeng |
| 035 ## - SYSTEM CONTROL NUMBER | |
| System control number | (BD-RjUL)23986 |
| 040 ## - CATALOGING SOURCE | |
| Original cataloging agency | DLC |
| Transcribing agency | DLC |
| Modifying agency | DLC |
| -- | BD-RjUL |
| Language of cataloging | eng |
| 041 1# - LANGUAGE CODE | |
| Language code of text/sound track or separate title | eng |
| Language code of original | ben |
| 082 ## - DEWEY DECIMAL CLASSIFICATION NUMBER | |
| Edition number | 21 |
| Classification number | 323.3 |
| Author mark and year | BAJ |
| 100 1# - MAIN ENTRY--PERSONAL NAME | |
| Personal name | Basu, Jyoti, |
| Dates associated with a name | 1914-2010. |
| 9 (RLIN) | 73654 |
| 245 10 - TITLE STATEMENT | |
| Title | Jyoti Basu with the people : |
| Remainder of title | a political memoir / |
| Statement of responsibility, etc. | translated and adapted by Surabhi Banerjee. |
| Number of part/section of a work | Volume I |
| 260 ## - PUBLICATION, DISTRIBUTION, ETC. (IMPRINT) | |
| Place of publication, distribution, etc. | New Delhi : |
| Name of publisher, distributor, etc. | UBS Publishers' Distributors, |
| Date of publication, distribution, etc. | 1997. |
| 300 ## - PHYSICAL DESCRIPTION | |
| Pagination | 196 p. : |
| Illustrations | ill. ; |
| Size | 23 cm. |
| 504 ## - BIBLIOGRAPHY, ETC. NOTE | |
| Bibliography, etc | Includes index. |
| 600 10 - SUBJECT ADDED ENTRY--PERSONAL NAME | |
| Personal name | Basu, Jyoti, |
| Dates associated with a name | 1914-2010. |
| 650 #0 - SUBJECT ADDED ENTRY--TOPICAL TERM | |
| Topical term or geographic name as entry element | Politicians |
| Geographic subdivision | India |
| -- | West Bengal |
| Form subdivision | Biography. |
| 9 (RLIN) | 73656 |
| Topical term or geographic name as entry element | Communists |
| Geographic subdivision | India |
| -- | West Bengal |
| Form subdivision | Biography. |
| 9 (RLIN) | 73657 |
| 651 #0 - SUBJECT ADDED ENTRY--GEOGRAPHIC NAME | |
| Geographic name | West Bengal (India) |
| General subdivision | Politics and government. |
| 9 (RLIN) | 6175 |
| 700 1# - ADDED ENTRY--PERSONAL NAME | |
| Personal name | Bandyopādhyāẏa, Surabhi. |
| 942 ## - ADDED ENTRY ELEMENTS (KOHA) | |
| Source of classification or shelving scheme | Dewey Decimal Classification |
| Koha item type | Books |
| Lost status | Source of classification or shelving scheme | Damaged status | Not for loan | Collection code | Permanent Location | Current Location | Shelving location | Date acquired | Source of acquisition | Cost, normal purchase price | Total Checkouts | Full call number | Date last seen | Copy number | Koha item type |
|---|---|---|---|---|---|---|---|---|---|---|---|---|---|---|---|
| Dewey Decimal Classification | Added to bundle | Non-fiction | Central Library, University of Rajshahi | Central Library, University of Rajshahi | Reading Room | 16/09/199 | New Dellah | 250.00 | 323.3 BAJ V-1 1997 | 12/03/2014 | C-1 | Books |